Imiona na S - Statystyki

Ogólne statystyki
  • Ten quiz został rozwiązany 43 razy
  • Średni wynik to 11 z 32
Statystyki odpowiedzi
Hint Odpowiedź % Poprawnych
m Szymon
83%
m Stanisław
80%
ż Sylwia
80%
ż Stanisława
73%
m Sebastian
65%
ż Sandra
58%
m Sylwester
55%
m Sabin
53%
m Sławomir
53%
ż Sara
50%
ż Sonia
50%
ż Sabina
48%
m Stefan
45%
ż Stefania
45%
ż Samanta
35%
m Seweryn
35%
m Szczepan
30%
ż Sławomira
25%
z Sofia
25%
ż Salomea
23%
ż Sabrina
18%
ż Sylwestra
18%
m Salomon
13%
ż Serena
10%
ż Stella
10%
ż Szczepania
8%
m Serafin
5%
ż Seweryna
5%
m Sylwin
5%
m Sylas
3%
ż Serafina
0%
m Siemowit
0%
Nie znaleziono quizów pasujących do podanych kryteriów
Rozkład punktacji
Procent ludzi z każdym wynikiem
Percentyl według liczby udzielonych odpowiedzi
Twoja historia wyników
Nie rozwiązałeś tego quizu